| 000 | 01209cam a2200325 a 4500 | ||
|---|---|---|---|
| 999 |
_c8107 _d8107 |
||
| 001 | 15299223 | ||
| 003 | OSt | ||
| 005 | 20230322155559.0 | ||
| 008 | 080521s2009 caua b 001 0 eng | ||
| 010 | _a 2008022451 | ||
| 020 | _a9781412969475 (spiral) | ||
| 020 | _a1412969476 (spiral) | ||
| 035 | _a(OCoLC)228632878 | ||
| 040 |
_aDLC _cDLC _dBTCTA _dYDXCP _dC#P _dBWX _dCDX _dIAY _dDLC |
||
| 050 | 0 | 0 |
_aH61.28 _b.K78 2009 |
| 082 | 0 | 0 |
_a361.6KRU 2009 _222 |
| 100 | 1 |
_aKrueger, Richard A. _95012 |
|
| 245 | 1 | 0 |
_aFocus groups : _ba practical guide for applied research / _cRichard A. Krueger, Mary Anne Casey. |
| 250 | _a4th ed. | ||
| 260 |
_aLos Angeles : _bSAGE, _cc2009. |
||
| 300 |
_axviii, 219 p. : _bill. ; _c24 cm. |
||
| 504 | _aIncludes bibliographical references (p. 207-208) and indexes. | ||
| 650 | 0 |
_aFocus groups. _95010 |
|
| 650 | 0 |
_aSocial sciences _xMethodology. _96807 |
|
| 700 | 1 |
_aCasey, Mary Anne. _916534 |
|
| 856 | 4 | 1 |
_3Table of contents only _uhttp://www.loc.gov/catdir/toc/ecip0819/2008022451.html |
| 906 |
_a7 _bcbc _corignew _d1 _eecip _f20 _gy-gencatlg |
||
| 942 |
_2ddc _cO_SHELF |
||